000 00578nmm a2200193Ia 4500
008 251105s9999||||xx |||||||||||||||||und||
020 _a8477370435
041 _aspa
100 _aNavascués, Pedro
245 0 _aEl Siglo XIX :
_b Bajo el signo del romanticismo
264 _a[Madrid, España] :
_bSílex Ediciones,
_c1992
300 _a260 páginas
490 _aIntroducción al Arte Español
650 _aArts in general
700 _aNavascués, Pedro
700 1 _a Quesada, María Jesús
856 _uhttps://public.digitaliapublishing.com/a/1286
942 _cCF
999 _c69303
_d69303